| 000 | 00380nam a22001097a 4500 | ||
|---|---|---|---|
| 008 | 230607b xxu||||| |||| 00| 0 eng d | ||
| 082 |
_a342 _bCKRC |
||
| 245 |
_aConstitution of Kenya Review Commission _bSource Book for Civic Education Referendum 2005 |
||
| 260 |
_aNairobi, Kenya _bConstitution of Kenya Review Commission (CKRC) _cSeptember, 2005 |
||
| 300 | _aIII,112p | ||
| 942 |
_2ddc _cBK |
||
| 999 |
_c805 _d805 |
||